| 000 | 01035nam a2200385 a 4500 | ||
|---|---|---|---|
| 003 | AR-BaBNM | ||
| 005 | 20251128204351.0 | ||
| 008 | 082120s2002 ||||||||||||||000 | spa|| | ||
| 020 | _a950-737-120-2 | ||
| 040 | _cAR-BaBNM | ||
| 100 | 1 | _aSuez, Perla | |
| 245 | 0 | 0 |
_aLa historieta _b¿para qué? |
| 250 | _a6ª ed. | ||
| 260 |
_aBuenos Aires _bCoquena Grupo Editor _c1993 |
||
| 300 |
_a30 p. _bil. |
||
| 490 | 0 | _aCuadernos de piedra libre | |
| 504 | _aBibliografía y biografía de la autora al final del libro | ||
| 650 | 4 | _aLECTURA | |
| 650 | 4 | _aPROCESO DE COMUNICACION | |
| 650 | 4 | _aCREATIVIDAD | |
| 650 | 4 | _aDESARROLLO DE LA CREATIVIDAD | |
| 650 | 4 | _aCOMUNICACION | |
| 650 | 4 | _aLITERATURA | |
| 650 | 4 | _aESTETICA | |
| 650 | 4 | _aIMAGINACION | |
| 650 | 4 | _aHUMOR | |
| 650 | 4 | _aMATERIAL DE LECTURA | |
| 650 | 4 | _aHABITO DE LECTURA | |
| 650 | 4 | _aAPRECIACION LITERARIA | |
| 655 | _aLITERATURA | ||
| 800 | 1 | _aAndruetto, María Teresa | |
| 800 | 1 |
_aSuez, Perla _ecoordinador |
|
| 942 | _cBK | ||
| 998 | _cCarmen | ||
| 999 |
_c7180 _d7180 |
||